000 00241nam a2200097Ia 4500
008 190216s9999||||xx |||||||||||||| ||und||
100 _aAllen H S & Moore H
245 0 _aText Book Of Practical Physics
260 _bRupa & Co.
942 _cBK
999 _c32660
_d32660